| 000 | 00505nam a2200193Ia 4500 | ||
|---|---|---|---|
| 005 | 20250508150425.0 | ||
| 008 | 008 250505s9999 xx 000 0 eng d | ||
| 037 | _aTextual | ||
| 040 |
_aFEDL _beng _cFEDL |
||
| 041 |
_aeng _2eng |
||
| 084 |
_a121, WAL _qFEDL |
||
| 100 | _aWalsh W H | ||
| 245 | 0 | _aReason and experience | |
| 260 |
_aLondon, UK _bOxford University Press _c1947 |
||
| 300 | _avi,259p | ||
| 650 | _aPhilosophy | ||
| 942 |
_cTEXL _h121, WAL |
||
| 999 |
_c1323563 _d1323563 |
||